Statystyki dla PODAJ NAZWĘ RZECZY, KTÓREJ NIE MOŻESZ ZNALEŹĆ KIEDY JEJ POTRZEBUJESZ

Kliknij tutaj aby rozwiązać quiz!

Ogólne statystyki

  • Ten quiz został rozwiązany 54 razy
  • Średni wynik to 4 z 7

Statystyki odpowiedzi

Odpowiedź% Poprawnych
KLUCZE
96%
TELEFON
96%
PORTFEL
83%
OKULARY
47%
PILOT
40%
DŁUGOPIS
34%
DOKUMENTY | DOWÓD
34%

Rozkład punktacji

Percentyl według liczby udzielonych odpowiedzi

Procent ludzi z każdym wynikiem

Twoja historia wyników

Nie rozwiązałeś tego quizu